Statistics for NFL Players by Photo

Click here to take the quiz!

General Stats

  • This quiz has been taken 248 times
    (212 since last reset)
  • The average score is 31 of 50

Answer Stats

Answer% Correct
Justin Jefferson
86%
Russell Wilson
85%
Travis Kelce
85%
Josh Allen
84%
Aaron Rodgers
83%
Tom Brady
83%
Nick Bosa
81%
Patrick Mahomes
81%
J.J. Watt
80%
Justin Herbert
80%
Stefon Diggs
80%
George Kittle
79%
Kirk Cousins
79%
Kyler Murray
79%
Derrick Henry
78%
Ja'Marr Chase
78%
Joe Burrow
78%
Nick Chubb
78%
Aaron Donald
77%
Cooper Kupp
77%
Derek Carr
77%
DeAndre Hopkins
76%
Myles Garrett
75%
T.J. Watt
75%
Jalen Ramsey
74%
CeeDee Lamb
73%
Lamar Jackson
73%
Mark Andrews
72%
Trent Williams
71%
Davante Adams
70%
Joey Bosa
70%
Matthew Stafford
70%
Von Miller
69%
A. J. Brown
68%
Tyreek Hill
68%
Jonathan Taylor
67%
Keenan Allen
66%
Fred Warner
65%
Khalil Mack
65%
Bobby Wagner
63%
Xavien Howard
50%
Cameron Jordan
49%
Quenton Nelson
47%
Micah Parson
42%
Jaire Alexander
36%
Tyron Smith
30%
Cameron Heyward
25%
David Bakhtiari
22%
Tristan Wirfs
22%
Shaquille Leonard
21%
Zack Martin
20%
Terron Armstead
15%
Jarvis Landry
9%

Score Distribution

Percentile by Number Answered

Percent of People with Each Score

Your Score History

You have not taken this quiz since the last reset